Country Similarity Index - India - Statistics

General Stats
  • This quiz has been taken 10 times
  • The average score is 8 of 10
Answer Stats
Score (out of 100) Country % Correct
56.8 Bhutan
100%
57.8 Myanmar
100%
71.6 Nepal
100%
68.3 Pakistan
100%
69.3 Sri Lanka
100%
69 Bangladesh
89%
57.6 Indonesia
89%
57.2 Fiji
67%
58.5 Mauritius
67%
56.5 Kenya
22%
No matching quizzes found
Score Distribution
Percent of People with Each Score
Percentile by Number Answered
Your Score History
You have not taken this quiz